Dive Lyrics - Olivia Dean - Statistics

General Stats
  • This quiz has been taken 140 times
  • The average score is 276 of 329
Answer Stats
Answer % Correct
a
100%
I
100%
an
99%
dive
99%
It
99%
it
99%
the
99%
to
99%
You
99%
you
99%
you)
99%
And
97%
and
97%
I'm
97%
(I'm
97%
in
97%
ready
96%
me
94%
my
94%
your
94%
eyes
93%
it's
93%
It's
93%
Maybe
93%
all
91%
feel
91%
fall
89%
feet
89%
got
89%
time
89%
every
87%
from
87%
that
87%
fact
86%
head
86%
lose
86%
feeling
84%
is
83%
loving
83%
But
81%
into
80%
just
80%
so
79%
crazy
76%
isn't
76%
capable
74%
magic
74%
of
74%
question
74%
working
74%
See
73%
see
73%
tonight
71%
understand
71%
you're
71%
wave
69%
wine
69%
marks
67%
feelings
66%
fine
66%
surfing
64%
diving
63%
Diving
63%
good
63%
tidal
63%
deep
61%
Lately
61%
through)
61%
Wanna
61%
wanna
61%
swim
60%
like
59%
Leaning
50%
Make
50%
beautified
46%
loose)
46%
Cause
43%
right
41%
(Right
41%
RIght
41%
water's
41%
warm
40%
art
37%
here
36%
out
34%
coming
31%
nothing
23%
wrong
21%
No matching quizzes found
Score Distribution
Percent of People with Each Score
Percentile by Number Answered
Your Score History
You have not taken this quiz